<?xml version="1.0" encoding="UTF-8"?>
<record
    xmlns:xsi="http://www.w3.org/2001/XMLSchema-instance"
    xsi:schemaLocation="http://www.loc.gov/MARC21/slim http://www.loc.gov/standards/marcxml/schema/MARC21slim.xsd"
    xmlns="http://www.loc.gov/MARC21/slim">

  <leader>01651nas a2200277Ia 4500</leader>
  <controlfield tag="001">R250-R3469</controlfield>
  <controlfield tag="003">IT-CnALBA</controlfield>
  <controlfield tag="008">170116c99999999xx ||||||||||||   ||und||</controlfield>
  <datafield tag="040" ind1=" " ind2=" ">
    <subfield code="a">IT-CnALBA</subfield>
    <subfield code="c">IT-CnALBA</subfield>
  </datafield>
  <datafield tag="041" ind1=" " ind2=" ">
    <subfield code="a">ITALIANO</subfield>
  </datafield>
  <datafield tag="100" ind1=" " ind2=" ">
    <subfield code="a">MAGGIONI BRUNO, SAC. DOTT.</subfield>
  </datafield>
  <datafield tag="210" ind1=" " ind2=" ">
    <subfield code="a">RIVISTA DI PASTORALE LITURGICA</subfield>
  </datafield>
  <datafield tag="222" ind1=" " ind2=" ">
    <subfield code="a">RIVISTA DI PASTORALE LITURGICA</subfield>
  </datafield>
  <datafield tag="245" ind1=" " ind2="0">
    <subfield code="a">RIVISTA DI PASTORALE LITURGICA. ANNATA 1968. </subfield>
  </datafield>
  <datafield tag="250" ind1=" " ind2=" ">
    <subfield code="a">1a ed.</subfield>
  </datafield>
  <datafield tag="260" ind1=" " ind2=" ">
    <subfield code="a"> BRESCIA</subfield>
    <subfield code="b">QUERINIANA EDIT. LIBR. VESC. </subfield>
    <subfield code="c">1968 [1&#xB0; Ed.:1968 - Ed.Ling.Originale: 1968]</subfield>
  </datafield>
  <datafield tag="300" ind1=" " ind2=" ">
    <subfield code="a">654 p. </subfield>
  </datafield>
  <datafield tag="310" ind1=" " ind2=" ">
    <subfield code="a">VARIA</subfield>
  </datafield>
  <datafield tag="362" ind1=" " ind2=" ">
    <subfield code="a"> (1968)</subfield>
  </datafield>
  <datafield tag="500" ind1=" " ind2=" ">
    <subfield code="a">MIGNONE M. BONDIOLI D. DELLA TORRE L. RAINOLDI F. ROGUET A. M. BRAGA C. BATTESIMO DI GES&#xD9; E DEL CRISTIANO. BATTESIMO DEI BAMBINI. ESPERIENZE PASTORALI. AGENDA PASTORALE QUARESIMA 1968. DIDASCALIE PER IL BATTESIMO. CATECHESI. PASTORALE LITURGICA DEI RAGAZZI. CELEBRAZIONI DELLA PAROLA PER BATTESIMO E PENITENZA. PREDICAZIONE SUL CREDO. LITURGIA NEL SINODO DEI VESCOVI. LETTERE ALLA DIREZIONE. RECENSIONI. </subfield>
  </datafield>
  <datafield tag="501" ind1=" " ind2=" ">
    <subfield code="a">Societ&#xE0; San Paolo EM - Piazza San Paolo, 14 - 12051 ALBA (CN)  (non commercial uses only) &#xAE; Copyright 2017</subfield>
  </datafield>
  <datafield tag="520" ind1=" " ind2=" ">
    <subfield code="a">MIGNONE M. BONDIOLI D. DELLA TORRE L. RAINOLDI F. ROGUET A. M. BRAGA C. BATTESIMO DI GES&#xD9; E DEL CRISTIANO. BATTESIMO DEI BAMBINI. ESPERIENZE PASTORALI. AGENDA PASTORALE QUARESIMA 1968. DIDASCALIE PER IL BATTESIMO. CATECHESI. PASTORALE LITURGICA DEI RAGAZZI. CELEBRAZIONI DELLA PAROLA PER BATTESIMO E PENITENZA. PREDICAZIONE SUL CREDO. LITURGIA NEL SINODO DEI VESCOVI. LETTERE ALLA DIREZIONE. RECENSIONI. </subfield>
  </datafield>
  <datafield tag="650" ind1=" " ind2=" ">
    <subfield code="a">TEOLOGIA PASTORALE</subfield>
  </datafield>
  <datafield tag="942" ind1=" " ind2=" ">
    <subfield code="c">CR</subfield>
  </datafield>
  <datafield tag="957" ind1=" " ind2=" ">
    <subfield code="7">1</subfield>
  </datafield>
  <datafield tag="999" ind1=" " ind2=" ">
    <subfield code="a">13514</subfield>
    <subfield code="b">NO</subfield>
    <subfield code="g">1</subfield>
    <subfield code="c">321568</subfield>
    <subfield code="d">321568</subfield>
  </datafield>
  <datafield tag="952" ind1=" " ind2=" ">
    <subfield code="0">0</subfield>
    <subfield code="1">0</subfield>
    <subfield code="4">0</subfield>
    <subfield code="6">R_250R3469</subfield>
    <subfield code="7">1</subfield>
    <subfield code="a">ALBA</subfield>
    <subfield code="b">ALBA</subfield>
    <subfield code="d">2017-01-16</subfield>
    <subfield code="l">0</subfield>
    <subfield code="o">R250-R3469</subfield>
    <subfield code="r">2017-01-16 00:00:00</subfield>
    <subfield code="w">2017-01-16</subfield>
    <subfield code="y">CR</subfield>
    <subfield code="z">(data import: 16 gennaio 2017) - By Epidotti, Vaglietti. </subfield>
  </datafield>
</record>
